| 000 | 01140nam a2200241Ia 4500 | ||
|---|---|---|---|
| 999 |
_c52640 _d52640 |
||
| 001 | 19664 | ||
| 003 | GE_BSU | ||
| 005 | 20200316192559.0 | ||
| 008 | 181216s2016||||ge |||||||||||||| ||geo|| | ||
| 020 | _a9789941466441 | ||
| 040 | _cGE_BSU | ||
| 041 | _ageo | ||
| 080 | _a94(479.22)"1795" პ-33 | ||
| 100 |
_aპეტრიაშვილი, თეიმურაზ. _97748 |
||
| 245 |
_aკრწანისის ბრძოლა / _c თეიმურაზ პეტრიაშვილი ; რედ. მიხეილ ქავთარია ; წინასიტ. ავტ. ვახტანგ გურული. |
||
| 264 |
_aთბილისი : _bინტელქტი, _c2016. |
||
| 300 |
_a96 გვ. : _bილ.; _c20 სმ. |
||
| 653 | _aკრწანისის ბრძოლა | ||
| 653 | _aსაქართველოს ისტორია | ||
| 700 |
_aქავთარია, მიხეილ _eრედაქტორი _94036 |
||
| 700 |
_aგურული, ვახტანგ _eწინასიტყვაობის ავტორი _97749 |
||
| 942 |
_cBK _2udc |
||